000 00515nam a2200169Ia 4500
999 _c20730
_d20730
003 OSt
005 20200702115443.0
008 190216s9999||||xx |||||||||||||| ||und||
020 _a8120711211
040 _coclc
082 _a915.40308
_bMET/M
100 _aMetcalf, Thomas R
_93137
245 0 _aModern India An Interpretive Anthology /
_cThomas R Metcalf
260 _bSterling Publications,
_c1994.
_aNew Delhi:
300 _a430p
942 _cBK
_2ddc
_h915.40308
_iMET/M
_k915.40308
_mMET/M